Brida: Una novela sobre el don que cada uno lleva dentro

Gespeichert in:
Bibliographische Detailangaben
1. Verfasser: Coelho, Paulo
Format: Buch
Sprache:Undetermined
Veröffentlicht: Barcelona, España Editorial Planeta 1999
Ausgabe:8º edición
Schlagworte:
Tags: Tag hinzufügen
Keine Tags, Fügen Sie den ersten Tag hinzu!

MARC

LEADER 00000nam a2200000Ia 4500
008 170316s9999 xx 000 0 und d
040 |a cru BVZT 
090 |a 869 C-4b 
100 |a Coelho, Paulo 
245 |a Brida: Una novela sobre el don que cada uno lleva dentro 
250 |a 8º edición 
260 |a Barcelona, España 
260 |b Editorial Planeta 
260 |c 1999 
300 |a 247 páginas 
650 |a LITERATURA BRASILEÑA 
650 |a NOVELA 
942 |c 15 D 
999 |c 11686  |d 11686